Guess the Taylor Swift song with no hints - #10 - Statistics

General Stats
  • This quiz has been taken 80 times
  • The average score is 173 of 294
Answer Stats
lyrics % Correct
I
97%
a
95%
the
95%
The
95%
you,
95%
you
95%
me
88%
be
85%
we
85%
We
85%
And
83%
and
83%
It
81%
in
80%
my,
80%
my
80%
to
80%
of
76%
said,
76%
was
76%
Was
76%
were
76%
we're
76%
your
76%
he
75%
He
75%
Like
71%
Like,
71%
when
68%
night,
66%
night
66%
"Oh
66%
"Oh,
66%
on
64%
so
64%
what
63%
how
59%
at
58%
best
58%
never
56%
that
56%
dancing,
54%
dancing
54%
If
54%
with
54%
Can't
53%
can't
53%
made
53%
would
53%
"Don't
51%
Don't
51%
see
51%
forget
47%
out
47%
place
47%
starlight
47%
starlight,
47%
could
46%
Have
46%
one
44%
"Look
42%
marvelous
42%
moved
42%
things
42%
things"
42%
tune"
42%
dream
41%
up
41%
whole
41%
about
39%
dressed
39%
he's
39%
remember
39%
song
39%
crazy
37%
You'll
37%
get
34%
into
34%
met
34%
walked
34%
impossible
32%
life
32%
singing
32%
summer
32%
keep
31%
'45
29%
change
29%
duchess
29%
nines
29%
Pretending
29%
prince
29%
running
29%
way"
29%
much
27%
playing
27%
wild,
27%
wild
27%
party
25%
seventeen
25%
talking
25%
teach
25%
ten
25%
thinking
25%
worrying
25%
blues
24%
club
24%
kids
24%
snuck
24%
spend
24%
yacht
24%
late
22%
married
22%
boardwalk
20%
Bobby
20%
'em
20%
Picked
20%
saying
20%
Ooh,
19%
ooh
19%
window
19%
ocean
15%
rocks
14%
tryna
12%
skip
10%
No matching quizzes found
Score Distribution
Percent of People with Each Score
Percentile by Number Answered
Your Score History
You have not taken this quiz